000
00258nam a2200109Ia 4500
008
240625s9999 xx 000 0 und d
041
_a
eng
082
_a
658 NAI
100
_a
NAIR VIJAY
245
_a
BOSS IS NOT YOUR FRIEND A HANDBOOK FOR I
365
_c
RS
_b
5
999
_c
32822
_d
32822